| 000 | 00556nam a2200181Ia 4500 | ||
|---|---|---|---|
| 003 | IN-BaIIA | ||
| 008 | 211028s9999 xx 000 0 eng d | ||
| 040 | _cIIA Library | ||
| 080 |
_a621.391.83 _bSMI |
||
| 100 |
_aSmith, D. L. A. _910569 |
||
| 245 | 0 |
_aPrinciples of high-fidelity sound engineering _c D. L. A. Smith |
|
| 260 |
_aLondon _bSir Isaac Pitman and Sons _c1963 |
||
| 300 | _axii, 158p. | ||
| 650 |
_aAcoustics _92250 |
||
| 650 | _aNASA Thesaurus | ||
| 650 |
_aSound Transmission _92421 |
||
| 942 | _cBK | ||
| 999 |
_c6103 _d6103 |
||